00722nam a2200241 a 4500001001300000003000900013005001700022008004100039020001000080082001700090100002200107245005300129260004800182300000900230500003500239505001800274650001600292700002200308902000800330942000700338952011800345999001700463nice12345678IN_TiNIC20260116014829.0050524s2003 dela grp 000 0 eng  ac12000a340.59bKHA4 aKhan, Javed Ahmad aIslamic Banking in Indiab Scopes and Challenges aDelhibInstitute of Objective Studiesc2003 a182p aincludes index and biblioraphy2 aSubject Index aIslamic-Law1 aKhan, Javed Ahmad bSRS cBK 001040708StackRoom-aHMIbHMId2007-05-03g120.00l0o340.59 KHA4p021250r2007-05-03v120.00w2005-05-24yBK c17185d17185